Fairer deal for private tenants (Record no. 68814)

MARC details
000 -LEADER
fixed length control field 01146cam a2200217 4500
001 - CONTROL NUMBER
control field WB3742-21
008 - FIXED-LENGTH DATA ELEMENTS--GENERAL INFORMATION
fixed length control field 011108n2001 000 0 eng u
035 ## - SYSTEM CONTROL NUMBER
System control number (Sirsi) u115532
245 ## - TITLE STATEMENT
Title Fairer deal for private tenants
260 ## - PUBLICATION, DISTRIBUTION, ETC.
Date of publication, distribution, etc. 2001
490 ## - SERIES STATEMENT
Series statement OFT Press Release
Volume/sequential designation (44) 6 November 2001, (2)
520 ## - SUMMARY, ETC.
Summary, etc. The Office of Fair Trading has published guidance promoting clearer and fairer agreements between landlords and tenants. The guidance follows consultation with government departments, consumer groups, tenant representatives and representatives from the private rental sector. It is aimed at landlords, letting agents and housing advisors, as well as organisations that publish standard tenancy agreements in England and Wales. "Guidance on Unfair Terms in Tenancy Agreements" is available at: http://www.oft.gov.uk/html/rsearch/reports/oft356.htm
590 ## - LOCAL NOTE (RLIN)
Local note WB
650 ## - SUBJECT ADDED ENTRY--TOPICAL TERM
Topical term or geographic name entry element OFT
650 ## - SUBJECT ADDED ENTRY--TOPICAL TERM
Topical term or geographic name entry element GUIDANCE
650 ## - SUBJECT ADDED ENTRY--TOPICAL TERM
Topical term or geographic name entry element TENANCY AGREEMENTS
650 ## - SUBJECT ADDED ENTRY--TOPICAL TERM
Topical term or geographic name entry element PRIVATE TENANTS
650 ## - SUBJECT ADDED ENTRY--TOPICAL TERM
Topical term or geographic name entry element UNFAIR CONTRACT TERMS
690 ## - LOCAL SUBJECT ADDED ENTRY--TOPICAL TERM (OCLC, RLIN)
Topical term or geographic name as entry element PROPERTY-RESIDENTIAL PROPERTY-RESIDENTIAL LANDLORD AND TENANT-RESIDENTIAL TENANCIES
942 ## - ADDED ENTRY ELEMENTS (KOHA)
Suppress in OPAC 0
Holdings
Withdrawn status Lost status Source of classification or shelving scheme Damaged status Not for loan Home library Current library Shelving location Date acquired Total Checkouts Full call number Barcode Date last seen Copy number Price effective from Koha item type
    Dewey Decimal Classification     London London News article 08/11/2001   WB3742-21 115532-1001 06/08/2019 1 06/08/2019 News article